| 000 | 00591cam a22002171 4500 | ||
|---|---|---|---|
| 001 | af 47006393 | ||
| 003 | DLC | ||
| 005 | 20260227110837.0 | ||
| 008 | 821027s1941 sz c 000 0 fre c | ||
| 010 | _aaf 47006393 | ||
| 035 | _a(OCoLC)8897371 | ||
| 040 |
_aChicago. Univ. Library _cViU _dDLC |
||
| 042 | _apremarc | ||
| 050 | 0 | 0 |
_aPQ2615.O26 _bI8 1941 |
| 082 | _a843.91 | ||
| 100 | 1 |
_aHofer, Cilette, _d1891-1964. |
|
| 245 | 1 | 2 |
_aL'Ismé _c[par] Cilette Ofaire [pseud.] |
| 250 | _aÉd. ne varietur. | ||
| 260 |
_aLausanne, _bGuilde du livre _c[1941?] |
||
| 300 |
_a462 p. _bport. _c22 cm. |
||
| 999 |
_c3520 _d3520 |
||